2025–26 La Liga - Logos - Statistics

General Stats
  • This quiz has been taken 38 times
  • The average score is 17 of 20
Answer Stats
Picture Answer % Correct
Athletic Bilbao
97%
Valencia
97%
Barcelona
94%
Atlético Madrid
91%
Real Madrid
91%
Real Betis
88%
Sevilla
88%
Real Sociedad
85%
Villarreal
85%
Alavés
82%
Celta Vigo
82%
Espanyol
82%
Getafe
82%
Rayo Vallecano
82%
Levante
76%
Mallorca
76%
Osasuna
76%
Elche
70%
Girona
70%
Real Oviedo
67%
No matching quizzes found
Score Distribution
Percent of People with Each Score
Percentile by Number Answered
Your Score History
You have not taken this quiz